00379pab a2200121 454500008004000000100002700040245009800067260000900165300001400174362001200188650001700200773004000217180718b2009 xxu||||| |||| 00| 0 eng d aSingh, Subhash Chandra aInternational bioethics and human rights: ethical and legal principles in biomedical research c2009 ap.201-20. aApr-Jun aHuman rights aJournal of the Indian Law Institute